logo

Bir Sreshtho Munshi Abdur Rouf Library
Jhenaidah Cadet College

Higher Trigonometry / (Record no. 5472)

MARC details
000 -LEADER
fixed length control field 00618nam a2200241 a 4500
001 - CONTROL NUMBER
JCCL Control Number 5472
003 - CONTROL NUMBER IDENTIFIER
JCCL marc code BD-JhCC
005 - DATE AND TIME OF LATEST TRANSACTION
control field 20180305202709.0
008 - FIXED-LENGTH DATA ELEMENTS--GENERAL INFORMATION
fixed length control field 171217s20111933ii |||| ||a| 00| 0 eng d
020 ## - INTERNATIONAL STANDARD BOOK NUMBER
International Standard Book Number 8185624690
035 ## - SYSTEM CONTROL NUMBER
system control number (BD-JhCC)5472
040 ## - CATALOGING SOURCE
Original cataloging agency BD-JhCC
Modifying agency BD-JhCC
041 ## - LANGUAGE CODE
Language code of Book eng
082 ## - DEWEY DECIMAL CLASSIFICATION NUMBER
Classification number 512.242
Author mark and Year DAS 2011
100 ## - MAIN ENTRY--PERSONAL NAME
Personal name Das, B. C.
245 ## - TITLE STATEMENT
Title Higher Trigonometry /
Statement of responsibility, etc B. C. Das, N. Mukherjee
260 ## - PUBLICATION, DISTRIBUTION, ETC. (IMPRINT)
Place of publication, distribution, etc Kolkata :
Name of publisher, distributor, etc U. N. Dhur & sons Private Ltd.
Date of publication, distribution, etc 2011.
300 ## - PHYSICAL DESCRIPTION
Pagination 312 p. :
Other physical details ills;
Dimensions 18 cm.
650 ## - SUBJECT ADDED ENTRY--TOPICAL TERM
Topical term or geographic name as entry element Trigonometry
700 ## - ADDED ENTRY--PERSONAL NAME
Personal name Mukherjee, N.
942 ## - ADDED ENTRY ELEMENTS (KOHA)
Source of classification or shelving scheme Dewey Decimal Classification
Koha item type Books
Holdings
Source of classification or shelving scheme Damaged status Not for loan Home library Current library Shelving location Cost, normal purchase price Total Checkouts Full call number Barcode Date last seen Copy number Koha item type Date of accession
Dewey Decimal Classification     JCC Rouf Library JCC Rouf Library General Stacks 75.00   512.242 DAS 2011 7713 12/17/2017 C-1 Books  
Dewey Decimal Classification     JCC Rouf Library JCC Rouf Library General Stacks     512.242 DAS 2011 11782 03/05/2018 C-2 Books 03/05/2018
Dewey Decimal Classification     JCC Rouf Library JCC Rouf Library General Stacks     512.242 DAS 2011 11856 03/05/2018 C-3 Books  

JCC Library | Contacts | JCC Home

Last Update on 23 September 2017
Copyright @ 2017-2020 JCC Rouf Library
Rouf Library, Jhenidah Cadet College (JCC), Bangladesh